[Event "Puspokladany Arnoth Memorial 15th"]
[Site "Puspokladany"]
[Date "2022.07.30"]
[Round "6"]
[White "Steiner, Botond"]
[Black "Kiss, Albert"]
[Result "1/2-1/2"]
[WhiteElo "1661"]
[BlackElo "1742"]
[PlyCount "77"]
[EventDate "2022.07.27"]
[EventType "swiss"]
[EventRounds "9"]
[EventCountry "HUN"]
[SourceTitle "EXT 2023"]
[Source "ChessBase"]
[SourceDate "2022.10.05"]
[SourceVersion "1"]
[SourceVersionDate "2022.10.05"]
[SourceQuality "1"]

1. e4 e5 2. Nf3 Nc6 3. d4 exd4 4. Nxd4 Bc5 5. Be3 Qf6 6. c3 Nge7 7. Bc4 Ne5 8. Be2 0-0 9. 0-0 d5 10. f4 N5c6 11. e5 Qh4 12. Nd2 Nxd4 13. Bxd4 Bxd4+ 14. cxd4 Nf5 15. Qa4 c6 16. Bd3 Kh8 17. Bxf5 Bxf5 18. g3 Qg4 19. Qb3 Rab8 20. Qf3 Qg6 21. b4 h5 22. Rfe1 Bg4 23. Qc3 Rfe8 24. Re3 Re6 25. Nf3 Bxf3 26. Rxf3 Qf5 27. Qd3 g6 28. Qxf5 gxf5 29. a4 a6 30. Re3 Rg8 31. Kf2 Rh6 32. h4 Kg7 33. Rae1 Re8 34. Kf3 Rhe6 35. Kf2 Kg6 36. Kf3 f6 37. exf6 Rxe3+ 38. Rxe3 Rxe3+ 39. Kxe3 1/2-1/2

[Event "Puspokladany Arnoth Memorial 15th"]
[Site "Puspokladany"]
[Date "2022.07.28"]
[Round "2"]
[White "Csontos, Aron"]
[Black "Kiss, Albert"]
[Result "1-0"]
[WhiteElo "1889"]
[BlackElo "1742"]
[PlyCount "65"]
[EventDate "2022.07.27"]
[EventType "swiss"]
[EventRounds "9"]
[EventCountry "HUN"]
[SourceTitle "EXT 2023"]
[Source "ChessBase"]
[SourceDate "2022.10.05"]
[SourceVersion "1"]
[SourceVersionDate "2022.10.05"]
[SourceQuality "1"]

1. e4 e6 2. d4 d5 3. Nd2 Nf6 4. e5 Nfd7 5. Bd3 c5 6. c3 Nc6 7. Ngf3 Be7 8. 0-0 a5 9. Re1 cxd4 10. cxd4 g5 11. h3 h5 12. g4 Qb6 13. Qa4 hxg4 14. hxg4 Nb4 15. Bb1 Qa6 16. Qb3 Nf8 17. a3 Nc6 18. Nf1 Bd7 19. Bd3 Qa7 20. Be3 Ng6 21. Bxg6 fxg6 22. Qd3 Kf7 23. Rad1 Qb8 24. Nxg5+ Kg7 25. Ng3 Rh4 26. Nh5+ Rxh5 27. gxh5 Qe8 28. Kh1 Bxg5 29. Bxg5 gxh5 30. Rg1 Kf8 31. Qh7 Qf7 32. Qh8+ Qg8 33. Bh6+ 1-0